| 000 | 00463nam a2200097Ia 4500 | ||
|---|---|---|---|
| 008 | 180130s9999 xx 000 0 und d | ||
| 245 |
_cClemens, Nathan H.; Shapiro, Edward S.; Seibert, Allison L. _aConducting systematic direct classroom observations to define and assess school-related problems |
||
| 260 | _c2013 | ||
| 300 | _aBook title: Assessment for intervention : a problem-solving approach--Acession number C17203; pages 157-179 | ||
| 650 | _aSCHOOL PSYCHOLOGY | ||
| 999 |
_c353713 _d353713 |
||